| 000 | 00683cam a2200181 a 4500 | ||
|---|---|---|---|
| 020 | _a0821318691 | ||
| 082 | 0 | 0 |
_a338.10967 _bRIV _cD |
| 100 | 1 |
_aRiverson, J. D. N. _937185 |
|
| 245 | 1 | 0 |
_aRural roads in Sub-Saharan Africa : _blessons from World Bank experience / _cJohn Riverson, Juan Gaviria, and Sydney Thriscutt. |
| 260 |
_aWashington, D.C. : _bWorld Bank, _c1991. |
||
| 300 |
_axii, 48 p. : _bill. ; _c28 cm. |
||
| 490 | 1 |
_aWorld Bank technical papers, _aAfrica Technical Department series |
|
| 526 |
_a0 _b0 _c0 _d338_110000000000000_RIV |
||
| 650 | 0 |
_aD _zAfrica, Sub-Saharan. _938620 |
|
| 700 | 1 |
_aGaviria, Juan, _938621 |
|
| 700 | 1 |
_aThriscutt, Sydney, _938622 |
|
| 942 |
_2ddc _cBK |
||
| 999 |
_c543251 _d543251 |
||